El suelo y su fertilidad: propiedades físicas, biológicas y químicas del suelo en relación a su formación, clasificación y tratamientos desde el punto de vista de la fertilidad
Saved in:
| Main Author: | |
|---|---|
| Format: | Book |
| Language: | Spanish |
| Published: |
Barcelona
Reverté
1966
|
| Edition: | Tercera edición |
| Subjects: | |
| Tags: |
Add Tag
No Tags, Be the first to tag this record!
|
MARC
| LEADER | 00000nam a2200000 a 4500 | ||
|---|---|---|---|
| 001 | UCT5519 | ||
| 003 | CL-VaPUC | ||
| 005 | 20230121074306.0 | ||
| 008 | 961212e19660000SP |||||||||||||||||spa|d | ||
| 999 | |c 254437 |d 254435 | ||
| 040 | |c Pontificia Universidad Católica de Valparaíso | ||
| 082 | 0 | 4 | |a 631.4 THO 1966 |2 21 |
| 100 | 0 | |a Thompson, Louis Milton |9 375047 | |
| 245 | 1 | 3 | |a El suelo y su fertilidad: propiedades físicas, biológicas y químicas del suelo en relación a su formación, clasificación y tratamientos desde el punto de vista de la fertilidad |
| 250 | |a Tercera edición | ||
| 260 | |a Barcelona |b Reverté |c 1966 | ||
| 300 | |a 409 páginas | ||
| 583 | |a last modification |c 20171031 10:59:57 |k Rodrigo Vera | ||
| 650 | 0 | |a Fertilidad del agua |9 264571 | |
| 650 | 7 | |a EDAFOLOGIA |2 CL-VaPUC |9 375048 | |
| 650 | 0 | |a Suelos |9 260322 | |
| 650 | 0 | |a Propiedades del suelo |9 350106 | |
| 650 | 7 | |a RECURSOS DEL SUELO |2 CL-VaPUC |9 364275 | |
| 650 | 7 | |a TIERRAS |2 CL-VaPUC |9 357983 | |
| 942 | |c BK |2 ddc | ||
| 945 | |d 19961212 00:00:00 |a lriquelm | ||